| 000 | 00335nam a22001337a 4500 | ||
|---|---|---|---|
| 999 |
_c55021 _d55021 |
||
| 008 | 200205b ||||| |||| 00| 0 eng d | ||
| 041 | _aeng | ||
| 080 |
_2043.3 _a043.3 |
||
| 082 | _a043.3 | ||
| 100 | _a0 | ||
| 101 | _aMTH | ||
| 245 |
_aPotenciali Teknologjik dhe Ekonomik i Riciklimit: Rasti i Kosovës _cPrekupi,F |
||
| 942 |
_2udc _cBK |
||